Statistics for Milwaukee Bucks 2010's Starters

Click here to take the quiz!

General Stats

  • This quiz has been taken 635 times
    (551 since last reset)
  • The average score is 9 of 25

Answer Stats

PlayerStarts% Correct
Giannis Antetokounmpo5
100%
Khris Middleton5
99%
Brook Lopez1
93%
Eric Bledsoe2
77%
Brandon Jennings3
60%
Andrew Bogut2
50%
Malcolm Brogdon1
50%
Monta Ellis1
40%
Brandon Knight2
39%
Ersan Ilyasova4
33%
Jabari Parker2
33%
Michael Carter-Williams1
33%
Larry Sanders1
32%
Greg Monroe1
30%
John Henson2
29%
Tony Snell2
18%
Zaza Pachulia2
18%
Matthew Dellavedova1
16%
John Salmons1
10%
Luc Mbah a Moute3
10%
Carlos Delfino2
9%
Nate Wolters1
6%
Drew Gooden1
5%
Charlie Bell1
3%
Shaun Livingston1
3%

Score Distribution

Percentile by Number Answered

Percent of People with Each Score

Your Score History

You have not taken this quiz since the last reset